000 005440000a22001810004500
003 MACL
005 20160409133641.0
008 160409b xxu||||| |||| 00| 0 eng d
040 _aMACL
_cMACL
041 _aHindi
082 _a500
100 _aडॉ भावना
_949736
245 _aजल संकट प्रबंधन एवं चुनौतियॉ
260 _aदिल्‍ली
_bसनशाइन बुक्‍स
_c2012
350 _a250
650 _aविज्ञान
_951343
942 _cHIN
_k500
_2ddc
999 _c48320
_d48320